Music Quiz

Random Music or Song Quiz

English Songs... in French Quiz Stats

 Plays Quiz not verified by Sporcle

Challenge
Share
Tweet
Embed
Score 0/16 Timer 07:00
0 Plays Today
Title in French Title in English % Correct
Filles de la CalifornieCalifornia Girls
89%
Bienvenue dans la JungleWelcome to the Jungle
88.5%
Sans MoiWithout Me
88.4%
Qui êtes vous?Who are you?
85.7%
Oiseau LibreFree Bird
77.4%
Le Son du SilenceThe Sound of Silence
76.8%
La Maison du Soleil LevantThe House of the Rising Sun
71.1%
Escalier au ParadisStairway to Heaven
70.1%
Title in French Title in English % Correct
Ne vous inquiétez pas, soyez heureuxDon't Worry, Be Happy
62.5%
J'espère que tu étais iciWish you were here
57.4%
Ne Cessez pas de CroireDon't Stop Believing
56.5%
Champs de Fraises ToujoursStrawberry Fields Forever
54.2%
Bougie dans le VentCandle in the Wind
42.6%
Anneau de FeuRing of Fire
42.3%
Boîte en forme de coeurHeart-shaped Box
41.5%
Mec a l'air d'une FemmeDude looks like a Lady
25%

You're not logged in!

Compare scores with friends on all Sporcle quizzes.
Join for Free
OR
Log In

You Might Also Like...

Show Comments

Extras

Top Quizzes Today


Score Distribution

Your Account Isn't Verified!

In order to create a playlist on Sporcle, you need to verify the email address you used during registration. Go to your Sporcle Settings to finish the process.

Report this User

Report this user for behavior that violates our Community Guidelines.

Details: